000
00260 a2200121 4500
001
48683
040
_c
Anchieta - Bela Vista
240
1
0
_a
A Bela e a Fera
_l
por
245
1
0
_a
A Bela e a Fera
440
1
_a
Girassol
650
4
_a
Literatura infantil
942
_c
BK
999
_c
48683
_d
48683